Politika USA a EU v Barmě. Podpora reforem či sledování vlastních zájmů?
V roku 2010 sa v Barme po viac než dvadsiatich rokoch konali všeobecné voľby, ktoré vyhrala vládna strana úzko spätá s armádou a bývalou juntou, ale začala od polovice roku 2011 realizovať opatrenia, ktoré navodili liberálnejšie politické ovzdušie. Západné spoločenstvo na to zareagovalo postupným r...
Salvato in:
| Autore principale: | |
|---|---|
| Natura: | Capitolo di libro |
| Lingua: | ceco |
| Soggetti: | |
| Tags: |
Nessun Tag, puoi essere il primo ad aggiungerne!!
|
MARC
| LEADER | 00000nla a2200000 4500 | ||
|---|---|---|---|
| 001 | 0200716 | ||
| 005 | 20240417075057.6 | ||
| 041 | 0 | |a cze | |
| 044 | |a CZ | ||
| 245 | 1 | 0 | |a Politika USA a EU v Barmě. Podpora reforem či sledování vlastních zájmů? |c Kateřina Kysilková |
| 520 | |a V roku 2010 sa v Barme po viac než dvadsiatich rokoch konali všeobecné voľby, ktoré vyhrala vládna strana úzko spätá s armádou a bývalou juntou, ale začala od polovice roku 2011 realizovať opatrenia, ktoré navodili liberálnejšie politické ovzdušie. Západné spoločenstvo na to zareagovalo postupným rušením sankcií a zahájením dialógu s barmským vedením. Ako sa zmenil postoj Západu, v tomto prípade USA a EÚ, k súčasnému dianiu v Barme a aké sú hlavné motivácie k udržaniu vplyvu v tejto krajine. | ||
| 610 | 2 | 0 | |a politika medzinárodná |
| 610 | 2 | 0 | |a vzťahy medzinárodné |
| 610 | 2 | 0 | |a sankcie |
| 610 | 2 | 0 | |a vláda |
| 610 | 2 | 0 | |a reformy |
| 610 | 2 | 0 | |a USA |
| 610 | 2 | 0 | |a Európska únia |
| 610 | 2 | 0 | |a Mjanmarsko |
| 610 | 2 | 0 | |a Čína |
| 100 | 1 | |a Kysilková, Kateřina | |